[Event "Molde"]
[Site "?"]
[Date "2004.07.06"]
[Round "5"]
[White "Elvebakk Jan"]
[Black "Holmen Per Inge"]
[Result "1-0"]
[WhiteElo "1727"]
[BlackElo "1619"]
[PlyCount "81"]
[EventDate "2004.??.??"]
[Source "www.chesslib.no"]
[SourceDate "2004.05.04"]

1. d4 f5 2. g4 fxg4 3. e4 d5 4. Nc3 dxe4 5. Nxe4 Nf6 6. Bg2 c6 7. h3 gxh3 8. Nxh3 Bf5 9. Nhg5 Nxe4 10. Bxe4 Bxe4 11. Nxe4 Qd5 12. Qe2 Nd7 13. Rh5 e5 14. dxe5 O-O-O 15. f4 Bb4+ 16. c3 Be7 17. Bd2 g6 18. Rh2 Nb6 19. b3 Qd3 20. Nd6+ Rxd6 21. exd6 Qxd6 22. O-O-O Nd5 23. Kb1 Rd8 24. Qe5 Qxe5 25. fxe5 Nxc3+ 26. Bxc3 Rxd1+ 27. Kc2 Rg1 28. Rxh7 Kd7 29. Bb4 Rg2+ 30. Kd3 Rg3+ 31. Kc2 Rg2+ 32. Kd1 Rxa2 33. Rxe7+ Kd8 34. Rxb7 Rb2 35. e6 Kc8 36. e7 Kxb7 37. e8=Q Rg2 38. Qf7+ Kb6 39. Be1 a6 40. Qf3 Ra2 41. Bf2+ 1-0

[Event "Corr"]
[Site "?"]
[Date "2004.04.29"]
[Round "?"]
[White "Francisco Vincent Paul"]
[Black "Corbacho Jose Luis"]
[Result "0-1"]
[WhiteElo "1836"]
[BlackElo "1474"]
[PlyCount "72"]
[EventDate "2004.??.??"]
[Source "www.chesslib.no"]
[SourceDate "2004.05.04"]

1. d4 f5 2. g4 fxg4 3. e4 d5 4. e5 Bf5 5. Ne2 e6 6. Ng3 Ne7 7. Bg5 Qd7 8. Nd2 c5 9. Nb3 c4 10. Nd2 Qa4 11. Bxe7 Bxe7 12. Nxf5 exf5 13. Bg2 Qb5 14. c3 O-O 15. h3 Bg5 16. hxg4 fxg4 17. Qc2 g6 18. Nf1 Na6 19. Ne3 Nc7 20. Nxg4 Rf4 21. f3 Raf8 22. a3 Ne6 23. O-O R4f5 24. Rfe1 Qe8 25. Ne3 Bxe3+ 26. Rxe3 Nf4 27. Rd1 Qe7 28. Kf1 Qh4 29. Rd2 Rg5 30. Kg1 Nh3+ 31. Kf1 Qf4 32. Bxh3 Qxe3 33. Be6+ Kg7 34. Rf2 Rxf3 35. Bxd5 Rxf2+ 36. Qxf2 Rf5 0-1